000 00535 a2200169 4500
005 20250611173306.0
020 _a978-1-292-40096-9
082 _a658.8 CHAF
100 _aCHAFFEY, D.
245 _aDigital Marketing: Strategy, Implementation and Practice.
250 _a8th Ed
260 _aLondon,
_bPearson,
_c2022.
300 _axxv, 534p.: ill.; figure, picture, table
_bGlossary & References & Index
_c26cm.
700 _aCHADWICK, F. E.
856 _yAccess Online Book
_fDigital Marketing
_dwww.pearson.com/uk
942 _2ddc
_cBKS
999 _c3786
_d3786